Get ready to share (Record no. 76406)

MARC details
000 -LEADER
fixed length control field 01000cab a2200205 4500
001 - CONTROL NUMBER
control field ##L132344
008 - FIXED-LENGTH DATA ELEMENTS--GENERAL INFORMATION
fixed length control field 060130n2006 000 0 eng u
035 ## - SYSTEM CONTROL NUMBER
System control number (Sirsi) u132344
041 0# - LANGUAGE CODE
Language code of text/sound track or separate title eng
100 1# - MAIN ENTRY--PERSONAL NAME
Personal name Woods, Michael
245 00 - TITLE STATEMENT
Title Get ready to share
260 ## - PUBLICATION, DISTRIBUTION, ETC.
Date of publication, distribution, etc. 2006
490 #0 - SERIES STATEMENT
Series statement Building
Volume/sequential designation 271(8415) 27 January 2006, 64-65(2)
520 ## - SUMMARY, ETC.
Summary, etc. The Environmental Information Regulations 2004 have now been in existence for 12 months. This article outlines the types of information that can be requested, the procedures to be followed, and reasons for refusing to supply information. At present, it is difficult to assess the impact of the regulations, but it is anticipated that as knowledge of them grows, more effective use will be made of them, particularly in PFI and land-use planning projects.
590 ## - LOCAL NOTE (RLIN)
Local note IKA310106
650 24 - SUBJECT ADDED ENTRY--TOPICAL TERM
Topical term or geographic name entry element FREEDOM OF INFORMATION ACT 2000
650 24 - SUBJECT ADDED ENTRY--TOPICAL TERM
Topical term or geographic name entry element ENVIRONMENTAL INFORMATION REGULATIONS 2004
690 ## - LOCAL SUBJECT ADDED ENTRY--TOPICAL TERM (OCLC, RLIN)
Topical term or geographic name as entry element Planning and development
9 (RLIN) 6259
942 ## - ADDED ENTRY ELEMENTS (KOHA)
Suppress in OPAC 0
Holdings
Withdrawn status Lost status Source of classification or shelving scheme Damaged status Not for loan Home library Current library Shelving location Date acquired Total Checkouts Full call number Barcode Date last seen Copy number Price effective from Koha item type
    Dewey Decimal Classification     London London Journal article 31/01/2006   L132344 132344-1001 06/08/2019 1 06/08/2019 Journal article